| 000 | 00619nam a2200193 i 4500 | ||
|---|---|---|---|
| 001 | 97358 | ||
| 003 | ES-MaACL | ||
| 007 | t| | ||
| 008 | 050711s1985 sp ||||1| spa d | ||
| 020 | _a84-234-0507-9 | ||
| 100 | 1 |
_aMarcaida, José Luis. _976353 |
|
| 245 | 1 | 0 |
_aContabilidad general / _cJosé Luis Marcaida. |
| 260 |
_aBilbao : _bDeusto, _c1985. |
||
| 300 |
_a184 p. ; _c21 cm. |
||
| 490 | 1 |
_aManuales prácticos de gestión de empresas. Serie F ; _v1 |
|
| 830 | 0 | 0 |
_aManuales prácticos de gestión de empresas (Deusto) _v1 _9220714 |
| 852 |
_aES-MaACL _jL-9274 _bR.110954 |
||
| 999 |
_c97358 _d97358 |
||